|
|
|
|
| LEADER |
00848cam a2200229 7i4500 |
| 001 |
0000024994 |
| 005 |
20131020090000.0 |
| 008 |
081106s1993 nyu eng |
| 020 |
# |
0 |
|a 9780198553885 (pbk.)
|
| 020 |
# |
0 |
|a 0198553897 (hbk.)
|
| 020 |
# |
0 |
|a 9780198553892 (hbk.)
|
| 020 |
# |
0 |
|a 0198553889 (pbk.)
|
| 090 |
0 |
0 |
|a QD 553
|b .B7 1993
|
| 100 |
1 |
# |
|a Brett, Christopher M. A.
|
| 245 |
1 |
0 |
|a Electrochemistry :
|b principles, methods, and applications
|c Christopher M.A. Brett and Ana Maria Oliveira Brett.
|
| 260 |
# |
# |
|a New York:
|b Oxford University Press,
|c 1993.
|
| 300 |
# |
# |
|a xxviii, 427 p.:
|b ill.;
|c 25 cm..
|
| 590 |
# |
# |
|a Rujukan Kursus Jabatan Sains Kimia
|
| 650 |
0 |
0 |
|a Electrochemistry
|
| 700 |
1 |
1 |
|a Brett, Ana Maria Oliveira
|
| 999 |
|
|
|a 1100010711
|b Book
|c Open Shelf
|e KOLEKSI TERBUKA
|
| 999 |
|
|
|a 1100059369
|b Book
|c Open Shelf
|e KOLEKSI TERBUKA
|